Early modernism : (رقم التسجيلة. 3356)
[ عرض عادي ]
| 000 -الفاتح | |
|---|---|
| حقل البيانات ثابتة الطول | 01274cam a2200313 a 4500 |
| 001 - رقم الضبط | |
| رقم الضبط | 1107262 |
| 003 - محدد رقم الضبط | |
| رقم الضبط | OSt |
| 005 - وقت وتاريخ اخر تعامل مع التسجيلة | |
| رقم الضبط | 20150408113745.0 |
| 008 - عناصر البيانات ثابتة الطول - معلومات عامة | |
| حقل البيانات ثابتة الطول | 930714s1994 nyua b 001 0 eng |
| 010 ## - رقم ضبط مكتبة الكونجرس | |
| رقم ضبط مكتبة الكونجرس | 93026945 |
| 020 ## - الرقم الدولى المعيارى للكتب | |
| الرقم الدولى المعيارى للكتاب | 0198117469 : |
| شروط الاتاحة | £27.50 |
| 020 ## - الرقم الدولى المعيارى للكتب | |
| الرقم الدولى المعيارى للكتاب | 019818252X (pbk.) |
| 040 ## - مصدر الفهرسة | |
| وكالة الفهرسة الأصلية | MU |
| وكالة النسخ | MU |
| وكالة التعديل | MB |
| 043 ## - رمز المنطقة الجغرافية | |
| رمز المنطقة الجغرافية | e------ |
| 050 00 - رقم طلب مكتبة الكونجرس | |
| رقم التصنيف | NX542 |
| رقم المادة | .B88 1994 |
| 082 00 - رقم تصنيف ديوى العشرى | |
| رقم التصنيف | 700.9409041 |
| رقم الطبعة | 20 |
| 100 1# - المدخل الرئيسى - إسم شخصى | |
| الإسم الشخصى | Butler, Christopher, |
| التواريخ المصاحبة للاسم | 1940- |
| 245 10 - بيان العنوان | |
| العنوان | Early modernism : |
| بقية العنوان | literature music and painting in Europe, 1900-1916 / |
| بيان المسئوليه,etc | Christopher Butler. |
| 260 ## - PUBLICATION, DISTRIBUTION, ETC. (IMPRINT) | |
| مكان الناشر او الموزع | Oxford : |
| اسم الناشر او الموزع | Clarendon Press, |
| تاريخ النشر أو التوزيع | 1994. |
| 300 ## - الوصف المادى | |
| التعداد | xviii, 318 p. : |
| تفاصيل ماديه اخرى للوعاء | ill. (some col.) ; |
| أبعاد الوعاء | 24 cm. |
| 504 ## - تبصرة ببليوجرافية | |
| تبصرة ببليوجرافية,الخ | Includes bibliographical references and index. |
| 650 #0 - المدخل الاضافى بالموضوع-مصطلح موضوعى | |
| مصطلح موضوعي أو اسم جغرافي كعنصر مدخل | Modernism (Art) |
| التقسيم الفرعي الجغرافي | Europe. |
| 9 (RLIN) | 9094 |
| 650 #0 - المدخل الاضافى بالموضوع-مصطلح موضوعى | |
| مصطلح موضوعي أو اسم جغرافي كعنصر مدخل | Arts, European |
| التقسيم الفرعي الزمني | 20th century. |
| 9 (RLIN) | 9095 |
| 856 42 - الوصول و الموقع الالكترونى | |
| مواد محددة | Publisher description |
| معرف المصدر الموحد | <a href="http://www.loc.gov/catdir/enhancements/fy0603/93026945-d.html">http://www.loc.gov/catdir/enhancements/fy0603/93026945-d.html</a> |
| 856 42 - الوصول و الموقع الالكترونى | |
| مواد محددة | Contributor biographical information |
| معرف المصدر الموحد | <a href="http://www.loc.gov/catdir/enhancements/fy0722/93026945-b.html">http://www.loc.gov/catdir/enhancements/fy0722/93026945-b.html</a> |
| 906 ## - عنصر بيانات محلى F, LDF (RLIN) | |
| a | 7 |
| b | cbc |
| c | orignew |
| d | 1 |
| e | ocip |
| f | 19 |
| g | y-gencatlg |
| 942 ## - عناصر المدخل الإضافي( كوها) | |
| مصدر التصنيف او مخطط الترفيف | Dewey Decimal Classification |
| Koha [default] item type | كتاب |
| حالة الفقد | نموذج السعر الفعال | حالة تلف | ليس للاعارة | رقم الطلب | تاريخ الاكتساب | الموقع الحالي | الفرع الرئيسي | Date last seen | Total Checkouts | الباركود | نوع المادة فى نظام كوها | مصدر التصنيف او خطة الترفيف |
|---|---|---|---|---|---|---|---|---|---|---|---|---|
| 2013-03-10 | 700/.94/09041 | 2011-05-17 | المكتبة المركزية بالمجمعة (CL) | المكتبة المركزية بالمجمعة (CL) | 2013-03-10 | |||||||
| 2013-03-10 | 700.9409041 B C E | 2011-12-26 | مكتبة كلية التربية بالزلفى - طالبات (EZF) | مكتبة كلية التربية بالزلفى - طالبات (EZF) | 2013-03-10 | 00013387 | كتاب | Dewey Decimal Classification |
